Nové trendy vo vysielaní komerčných televízií

Charakteristika slovenského televízneho trhu. Reality show ako súčasť vysielania komerčných televízií. Definovanie diváckych potrieb vo vzťahu k boomu reality show vo vysielaní komerčných televízií.

Gespeichert in:
Bibliographische Detailangaben
1. Verfasser: Plevová, Katarína, 1989-
Format: Buchkapitel
Sprache:Slowakisch
Schlagworte:
Tags: Tag hinzufügen
Keine Tags, Fügen Sie das erste Tag hinzu!

MARC

LEADER 00000nla a2200000 4500
001 0163613
005 20240502072838.0
041 0 |a slo 
044 |a SK 
245 1 0 |a Nové trendy vo vysielaní komerčných televízií  |c Katarína Plevová 
520 |a Charakteristika slovenského televízneho trhu. Reality show ako súčasť vysielania komerčných televízií. Definovanie diváckych potrieb vo vzťahu k boomu reality show vo vysielaní komerčných televízií. 
610 2 0 |a televízia 
610 2 0 |a spokojnosť zákazníkov 
100 1 |a Plevová, Katarína, 1989-